000 00327nam a22001457a 4500
008 210303b ||||| |||| 00| 0 eng d
020 _a9780810357303
041 _aeng
080 _a37
082 _237
100 _a46
101 _aEDU
245 _aAuthors & Artist for Young Adult
_cE. A. DES chenes
942 _2udc
_cBK
999 _c55649
_d55649